The design way : (Record no. 22884)

000 -LEADER
fixed length control field 01512cam a22003014a 4500
001 - CONTROL NUMBER
control field 13026861
005 - DATE AND TIME OF LATEST TRANSACTION
control field 20170125093324.0
008 - FIXED-LENGTH DATA ELEMENTS--GENERAL INFORMATION
fixed length control field 021210s2003 njua b 001 0 eng
010 ## - LIBRARY OF CONGRESS CONTROL NUMBER
LC control number 2002192836
020 ## - INTERNATIONAL STANDARD BOOK NUMBER
International Standard Book Number 0877783055
050 00 - LIBRARY OF CONGRESS CALL NUMBER
Classification number NK1505 .N43 2003
100 1# - MAIN ENTRY--PERSONAL NAME
Personal name Nelson, Harold G.
245 14 - TITLE STATEMENT
Title The design way :
Remainder of title intentional change in an unpredictable world : foundations and fundamentals of design competence /
Statement of responsibility, etc. Harold G. Nelson, Erik Stolterman.
260 ## - PUBLICATION, DISTRIBUTION, ETC. (IMPRINT)
Place of publication, distribution, etc. Englewood Cliffs, N.J. :
Name of publisher, distributor, etc. Educational Technology Publications,
Date of publication, distribution, etc. c2003.
300 ## - PHYSICAL DESCRIPTION
Extent xiv, 327 p. :
Other physical details ill. ;
Dimensions 24 cm.
504 ## - BIBLIOGRAPHY, ETC. NOTE
Bibliography, etc Includes bibliographical references (p. 303-307) and index.
650 #0 - SUBJECT ADDED ENTRY--TOPICAL TERM
Topical term or geographic name as entry element Design
General subdivision Philosophy.
650 #0 - SUBJECT ADDED ENTRY--TOPICAL TERM
Topical term or geographic name as entry element System design.
650 #0 - SUBJECT ADDED ENTRY--TOPICAL TERM
Topical term or geographic name as entry element Design
General subdivision Study and teaching.
700 1# - ADDED ENTRY--PERSONAL NAME
Personal name Stolterman, Erik.
856 41 - ELECTRONIC LOCATION AND ACCESS
Materials specified Table of contents
Uniform Resource Identifier <a href="http://www.loc.gov/catdir/toc/fy037/2002192836.html">http://www.loc.gov/catdir/toc/fy037/2002192836.html</a>
942 ## - ADDED ENTRY ELEMENTS (KOHA)
Source of classification or shelving scheme
Koha item type Hard Covered Materials
Holdings
Withdrawn status Lost status Source of classification or shelving scheme Damaged status Not for loan Home library Current library Shelving location Date acquired Source of acquisition Total Checkouts Full call number Barcode Date last seen Price effective from Koha item type
          MACHAKOS UNIVERSITY LIBRARY MACHAKOS UNIVERSITY LIBRARY Technical section 25/01/2017 Donation(BFA)   NK1505 .N43 2003 32138 23/07/2018 25/01/2017 Hard Covered Materials
© Machakos University Library, Along The Highway, Machakos Wote Rd, Machakos, Kenya P.O. Box 136 - 90100 Machakos - Kenya

Tel: ( +254 ) 723 805829 OR Fax : 044-20353 OR Email: library@mksu.ac.ke